LEADER 04733nam1 22007933i 450 001 RAV0009912 005 20251003044318.0 010 $a887042815X 020 $aIT$b87-4550 100 $a19861125d1986 ||||0itac50 ba 101 | $aita$afre$aeng 102 $ait 181 1$6z01$ai $bxxxe 182 1$6z01$an 183 1$6z01$anc$2RDAcarrier 200 1 $aTrasformazioni delle società rurali nei paesi dell'Europa occidentale e mediterranea (secolo 19.-20.)$ebilancio degli studi e prospettive di ricerca$eatti del Congresso internazionale svoltosi a Napoli e Sorrento dal 25 al 28 ottobre 1982$fa cura di Pasquale Villani 210 $aNapoli$cGuida$d1986 215 $aXVI, 444 p., [6] c. di tav.$d23 cm 225 | $aGuida ricerca$i. Storia 300 $aIn testa al front.: Università degli Studi di Napoli, Centro studi per la storia comparata delle società rurali in età contemporanea 312 $aTit. del dorso: Trasformazioni rurali$9CFI0030182 410 0$1001CFI0031450$12001 $aGuida ricerca$i. Storia 463 1$1001IEI0473255$12001 $aˆI ‰caratteri originari del mondo rurale italiano$fCorrado Barberis 517 1 $aTrasformazioni rurali. -$9CFI0030182 606 $aEconomia agraria$xEuropa$xSec. 19.-20.$xSaggi$2FIR$3LO1C579473$9I 606 $aContadini$xCondizioni economiche e sociali$xEuropa$xSec. 19.-20.$xSaggi$2FIR$3LO1C579474$9I 606 $aEconomia agraria$xEuropa$xSec. 19.-20.$xSaggi$2FIR$3LO1C579473$9I 606 $aContadini$xCondizioni economiche e sociali$xEuropa$xSec. 19.-20.$xSaggi$2FIR$3LO1C579474$9I 676 $a306.349$9SISTEMI DI PRODUZIONE AGRICOLI$v21 676 $a338.1094$9$v14 676 $a338.1094$9AGRICOLTURA. EUROPA$v19 676 $a338.1094$9AGRICOLTURA. Europa$v20 676 $a338.1094$9AGRICOLTURA. EUROPA$v21 686 $aX0.8/1982$cCONFERENZE CONGRESSI CONVEGNI (ATTI DI) 1982$2R 686 $aX00.0/EU$cSTORIA DELL'EUROPA OCCIDENTALE$2R 686 $aX30.1$cAGRICOLTURA$2R 686 $aX30.6$cLAVORO$2R 696 $aEconomia agricola 696 $aVillani $aClassi rurali 696 $aEconomia agricola 696 $aVillani $aClassi rurali 699 $aEconomia agraria$yEconomia agricola 699 $aContadini$yVillani 699 $aContadini$zClassi rurali 699 $aEconomia agraria$yEconomia agricola 699 $aContadini$yVillani 699 $aContadini$zClassi rurali 702 1$aVillani$b, Pasquale$f <1924-2015>$3CFIV014157 712 02$aCentro studi per la storia comparata delle società rurali in età contemporanea$3CFIV074370 791 02$aUniversità degli studi$c $b : Centro studi per la storia comparata delle società rurali in età contemporanea$3CFIV075196$zCentro studi per la storia comparata delle società rurali in età contemporanea 791 02$aUniversità degli studi Federico 2.$b : Centro studi per la storia comparata delle società rurali in età contemporanea$3SBNV010308$zCentro studi per la storia comparata delle società rurali in età contemporanea 801 3$aIT$bIT-000000$c19861125 850 $aIT-BN0095 $aIT-SA0060 $aIT-CE0060 $aIT-AV0007 $aIT-NA0079 $aIT-CE0072 $aIT-CE0127 $aIT-NA0230 $aIT-NA0452 $aIT-NA0097 901 $bNAP BN$cMAGAZZINO $nmagazzini correnti divisi per anni 901 $bNAP BN$cC $nComprende volumi con collocazioni per formato catalogati prima del 1987. La consegna del doc. é effettuata dall'Uff. Distribuzione. 901 $bNAP IS$cISEM $nSezione di storia economica dell'ex Istituto di storia economica del Mezzogiorno 901 $bNAP IR$cLA SAP. $n$ 901 $bNAP CT$cF. CORVESE$nFondo Centro F. Daniele-ICSR Vera Lombardi. Dono di Felicio Corvese 901 $bNAP CE$cBIBL.SOPR.$n$ 901 $bNAP SP$cNF. $nNUOVO FONDO 901 $bNAP AV$cSEZ. M $nSezione Moderna 901 $bNAP 01$cPOZZO LIB.$nVi sono collocati fondi di economia, periodici di ingegneria e scienze, periodici di economia e statistica e altri fondi comprendenti documenti di economia pervenuti in dono. 901 $bNAP 27$cSALA $n$ 912 $aRAV0009912 950 1$aBiblioteca Centralizzata di Ateneo$c1 v.$d 01POZZO LIB.ECON MON 9868$e 0101 0000093585E VMA 1 v. (precedente collocazione: GUERRAZZI B 684)$fB $h20071203$i20071203 967 $m1 977 $a 01$a 27$a AS$a AV$a BN$a CE$a CT$a IR$a IS$a SP 996 $aTrasformazioni delle società rurali nei paesi dell'Europa occidentale e mediterranea (secolo 19.-20.$965705 997 $aUNISANNIO LEADER 01986oas 2200841 a 450 001 9910146780403321 005 20251106213014.0 035 $a(DE-599)ZDB2201955-8 035 $a(DE-599)2201955-8 035 $a(OCoLC)61918733 035 $a(CONSER) 2005264547 035 $a(CKB)1000000000025109 035 $a(EXLCZ)991000000000025109 100 $a20051011b20052005 sy 101 0 $afre 135 $aurcnu|||||||| 181 $ctxt$2rdacontent 182 $cc$2rdamedia 183 $acr$2rdacarrier 200 00$aEMC$iKine?sithe?rapie 210 $aParis $cElsevier$d©2005 215 $a1 online resource (1 volume) 300 $aRefereed/Peer-reviewed 311 08$a1769-6852 517 1 $aEMC-Kine?sithe?rapie 517 3 $aKine?sithe?rapie 517 3 $aEncyclope?die me?dico-chirurgicale kine?sithe?rapie 606 $aExercise therapy$vPeriodicals 606 $aExercise Therapy 606 $aExercise therapy$2fast$3(OCoLC)fst00918063 608 $aPeriodical. 608 $aperiodicals.$2aat 608 $aPeriodicals.$2fast 608 $aPeriodicals.$2lcgft 608 $aPe?riodiques.$2rvmgf 615 0$aExercise therapy 615 2$aExercise Therapy. 615 7$aExercise therapy. 801 0$bSBH 801 1$bSBH 801 2$bSBH 801 2$bVRC 801 2$bKSU 801 2$bTXA 801 2$bOCLCQ 801 2$bOCLCF 801 2$bOCLCQ 801 2$bUAB 801 2$bLIP 801 2$bOCLCO 801 2$bLND 801 2$bOCLCQ 801 2$bOCLCO 801 2$bAU@ 801 2$bOCLCO 801 2$bWYU 801 2$bUKMGB 801 2$bTKN 801 2$bU3W 801 2$bNJT 801 2$bCUS 801 2$bOCLCQ 801 2$bOCLCO 801 2$bVT2 801 2$bOCLKB 801 2$bQGK 801 2$bUEJ 801 2$bOCLCL 801 2$bOCLCQ 906 $aJOURNAL 912 $a9910146780403321 996 $aEMC$91890538 997 $aUNINA